La seguridad en instituciones de educación superior : estado actual y recomendaciones /

Estudio sobre la situación de la seguridad en las universidades e instituciones de educación superior mexicanas y sobre los incidentes que con mayor frecuencia enfrentan dentro y fuera de sus instalaciones. Con base en esta información se ofrecen estrategias específicas de atención de problemas que...

Descripción completa

Guardado en:
Detalles Bibliográficos
Autor principal: Garnica Sosa, María Angélica (autor)
Otros autores: López Castañares, Rafael (presentación) (presentación)
Formato: Libro
Idioma:Español
Publicado: México : ANUIES, 2012, c2012
Colección:(Documentos ANUIES)
Temas:
Etiquetas: Agrega una etiqueta
Sin etiquetas, Sé el primero en etiquetar este registro!

MARC

LEADER 00000nam^a2200000^a^4500
001 000328319
005 20250521000000.0
009 20260310113901.972
020 |a 978-607-451-057-7 
037 |a Acervo ITESO - Biblioteca 
041 |a ESP 
082 |a 378. 1978  |b GAR 
100 |a Garnica Sosa, María Angélica  |e (autor) 
245 1 3 |a La seguridad en instituciones de educación superior :  |b estado actual y recomendaciones /  |c M.A. Garnica Sosa ; presen. de R. López Castañares 
264 4 |a México :  |b ANUIES,  |c 2012, c2012 
300 |a 173 p 
336 |a texto  |b txt  |2 rdacontenido 
337 |a sin mediación  |b n  |2 rdamedio 
338 |a volumen  |b nc  |2 rdasoporte 
440 1 |a (Documentos ANUIES) 
520 |a Estudio sobre la situación de la seguridad en las universidades e instituciones de educación superior mexicanas y sobre los incidentes que con mayor frecuencia enfrentan dentro y fuera de sus instalaciones. Con base en esta información se ofrecen estrategias específicas de atención de problemas que en ellas se generan 
649 |a XX 
650 |a Delitos -  |z México -  |x Prevención 
650 |a Servicios de Seguridad -  |z México 
650 |a Seguridad Pública -  |z México -  |x Tema Principal 
650 |a Universidades -  |z México -  |x Tema Principal 
650 |a Instituciones Educativas -  |z México 
650 |a Educación Superior -  |z México 
700 |a López Castañares, Rafael  |e (presentación) 
910 |a Fondo General 
920 |a Impresos - Libros 
930 |a Colección General 
905 |a 101 
901 |a 0500217580  |b IT1  |c ACC  |i D60121  |u 20250521 
902 |a https://opac.biblio.iteso.mx/vufind/Record/000328319